Mathematics for the international student mathematics HL option : statistics and probability / (Record no. 283961)
[ view plain ]
| 000 -LEADER | |
|---|---|
| fixed length control field | 00811nam a22002057a 4500 |
| 005 - DATE AND TIME OF LATEST TRANSACTION | |
| control field | 20171108102403.0 |
| 008 - FIXED-LENGTH DATA ELEMENTS--GENERAL INFORMATION | |
| fixed length control field | 150511b xxu||||| |||| 00| 0 eng d |
| 020 ## - INTERNATIONAL STANDARD BOOK NUMBER | |
| International Standard Book Number | 9781921972317 |
| 050 ## - LIBRARY OF CONGRESS CALL NUMBER | |
| Classification number | QA 273 Q7St 2013 |
| 100 ## - MAIN ENTRY--PERSONAL NAME | |
| Personal name | Quinn, Catherine |
| 245 ## - TITLE STATEMENT | |
| Title | Mathematics for the international student mathematics HL option : statistics and probability / |
| Statement of responsibility, etc | Catherine Quinn |
| 260 ## - PUBLICATION, DISTRIBUTION, ETC. (IMPRINT) | |
| Place of publication, distribution, etc | Australia |
| Name of publisher, distributor, etc | Haese and Harris Publications |
| Date of publication, distribution, etc | 2013 |
| 300 ## - PHYSICAL DESCRIPTION | |
| Extent | 208 pages., |
| Other physical details | color illustrations., |
| Dimensions | ; 24 cm. |
| 650 ## - SUBJECT ADDED ENTRY--TOPICAL TERM | |
| Source of heading or term | Library of Congress Subject Headings |
| Topical term or geographic name as entry element | Statistics and probability |
| 650 ## - SUBJECT ADDED ENTRY--TOPICAL TERM | |
| Source of heading or term | Library of Congress Subject Headings |
| Topical term or geographic name as entry element | International Baccalaureate |
| 700 ## - ADDED ENTRY--PERSONAL NAME | |
| Personal name | Sangwin, Chris |
| 700 ## - ADDED ENTRY--PERSONAL NAME | |
| Personal name | Michael, Haese |
| 700 ## - ADDED ENTRY--PERSONAL NAME | |
| Personal name | Haese, Robert |
| 942 ## - ADDED ENTRY ELEMENTS (KOHA) | |
| Source of classification or shelving scheme | Library of Congress Classification |
| Item type | Books |
| Classification part | QA 273 Q7St 2013 |
| Withdrawn status | Lost status | Source of classification or shelving scheme | Damaged status | Home library | Current library | Shelving location | Date acquired | Total Checkouts | Full call number | Barcode | Date last seen | Price effective from | Koha item type | Total Renewals | Date last borrowed |
|---|---|---|---|---|---|---|---|---|---|---|---|---|---|---|---|
| Library of Congress Classification | Luxembourg Library | Luxembourg Library | International Baccalaureate Section | 05/11/2015 | QA 273 Q7St 2013 | IB0189 | 04/14/2016 | 05/11/2015 | Books | ||||||
| Library of Congress Classification | Luxembourg Library | Luxembourg Library | International Baccalaureate Section | 05/11/2015 | 4 | QA 273 Q7St 2013 | IB0190 | 10/26/2018 | 05/11/2015 | Books | 21 | 07/09/2018 |